000 00799nam a22002417a 4500
003 OSt
005 20260422044830.0
008 260422b |||||||| |||| 00| 0 eng d
020 _a981-240-131-8
040 _aDWC-Main lib
_cOC
082 _22000 edition
_aCirc. 720.2840 J45a 2000
100 _aJefferis, Alan
245 _aAutoCADĀ® 2000 for architecture/
_cAlan Jefferis
260 _aSingapore :
_bThomson Learning,
_cc2000.
300 _axxvi, 1016 pages ;
_c25 cm.
504 _aIncludes index.
650 _a1. AutoCAD.
650 _a2. Architectural drawing--Data processing--Programmed instruction.
650 _a3. Computer-aided design--Programmed instruction.
700 _aJones, Michael
700 _dJefferis, Tereassa
942 _2ddc
_cBK-CIRC
_e2000 ed.
_hCirc.
_n0
999 _c9669
_d9669